| 000 | 00000nam 2200000zi 4500 |
| 001 | 9.922167 |
| 003 | CaOODSP |
| 005 | 20251103144803 |
| 006 | m o d f |
| 007 | cr bn||||||||| |
| 008 | 230502s2023 onc ol f000 0 fre d |
| 040 | |aCaOODSP|bfre|erda|cCaOODSP |
| 041 | 0 |aeng|afre |
| 043 | |an-cn--- |
| 086 | 1 |aXB441-331/1-PDF |
| 110 | 1 |aCanada. |bParlement. |bChambre des communes, |eorganisme de publication. |
| 245 | 13|aAn Act to amend the Canadian Security Intelligence Service Act (duty of candour) = |bLoi modifiant la Loi sur le Service canadien du renseignement de sécurité (obligation de franchise). |
| 246 | 31|aLoi modifiant la Loi sur le Service canadien du renseignement de sécurité (obligation de franchise) |
| 264 | 1|a[Ottawa] : |bHouse of Commons of Canada = Chambre des communes du Canada, |c2023. |
| 300 | |a1 ressource en ligne (ii, 2 pages). |
| 336 | |atexte|btxt|2rdacontent/fre |
| 337 | |ainformatique|bc|2rdamedia/fre |
| 338 | |aressource en ligne|bcr|2rdacarrier/fre |
| 490 | 1 |aProjet de loi C-... ; |vProjet de loi C-331, 1re session, 44e législature |
| 500 | |a« Première session, quarante-quatrième législature, 70-71 Elizabeth II - 1 Charles III, 2021-2022-2023. » |
| 500 | |a« Première lecture le 2 mai 2023. » |
| 500 | |a« Mme Zahid. » |
| 520 | |a« Le texte modifie la Loi sur le Service canadien du renseignement de sécurité afin de prévoir que le Service canadien du renseignement de sécurité doit faire rapport sur les manquements à son obligation de franchise envers les tribunaux. Il modifie également le serment professionnel que prêtent le directeur et les employés afin qu'ils promettent solennellement de s'acquitter de cette obligation » -- Sommaire, page ii. |
| 546 | |aTexte en anglais et en français. |
| 610 | 26|aCanada. |tLoi sur le Service canadien du renseignement de sécurité. |
| 610 | 26|aService canadien du renseignement de sécurité. |
| 650 | 6|aService des renseignements|xDroit|zCanada|vLégislation. |
| 650 | 6|aMandats|zCanada. |
| 650 | 6|aSerments|zCanada. |
| 655 | 7|aProjets de loi|2rvmgf |
| 791 | |tAn Act to amend the Canadian Security Intelligence Service Act (duty of candour) = |eeng|w(CaOODSP)9.922165 |
| 830 | #0|aProjet de loi C-...|vProjet de loi C-331, 1re session, 44e législature.|w(CaOODSP)9.500660 |
| 856 | 40|qPDF|s127 Ko|uhttps://publications.gc.ca/collections/collection_2023/parl/XB441-331-1.pdf |
| 856 | 4 |qHTML|sS.O.|uhttps://www.parl.ca/DocumentViewer/fr/44-1/projet-loi/C-331/premiere-lecture?col=2 |